Missing Word: Latin Phrases Quiz Stats

Quiz Updated Sep 17, 2015

Challenge
Share
Tweet
Embed
Score 0/18 Timer 03:00
0 Plays Today
Hint Word % Correct
_____ diemCarpe
95.4%
Alma _____Mater
94.4%
Mea _____Culpa
88.6%
Veni, vidi, ____Vici
88.6%
Persona non _____Grata
77.9%
E ________ unumPluribus
73.5%
_____ cum laudeSumma
71.2%
Et ______Cetera
67.2%
Semper _______Fidelis
64.9%
Hint Word % Correct
Caveat ______Emptor
57.2%
Tabula ____Rasa
56.8%
____ meridiemAnte
56.3%
______ fugitTempus
49.6%
____ omnia vincitAmor
48.7%
Requiescat in ____Pace
45.7%
Non ________Sequitur
39%
Sic semper ________Tyrannis
29%
Citius ______ fortiusAltius
26%

Today's Daily Dose

Missing Word
1971 Movies A-Z

Word Ladder
Complete Tour

Quick Pick
Logo Colors

On This Day
January 19th

You're not logged in!

Compare scores with friends on all Sporcle quizzes.
Sign Up with Email
OR
Log In

You Might Also Like...

Show Comments

Extras

Top Quizzes Today


Score Distribution

Your Account Isn't Verified!

In order to create a playlist on Sporcle, you need to verify the email address you used during registration. Go to your Sporcle Settings to finish the process.